BSOP header

Lonely Planet's Guide to Travel Photography / (Record no. 55250)

MARC details
000 -LEADER
fixed length control field 00534nam a22001697a 4500
005 - DATE AND TIME OF LATEST TRANSACTION
control field 20260130131712.0
008 - FIXED-LENGTH DATA ELEMENTS--GENERAL INFORMATION
fixed length control field 260130b |||||||| |||| 00| 0 eng d
020 ## - INTERNATIONAL STANDARD BOOK NUMBER
International Standard Book Number 9781741046892
040 ## - CATALOGING SOURCE
Original cataloging agency BSOP
100 ## - MAIN ENTRY--PERSONAL NAME
Personal name I'anson, Richard.
245 ## - TITLE STATEMENT
Title Lonely Planet's Guide to Travel Photography /
Statement of responsibility, etc Richard I'anson
264 ## - PRODUCTION, PUBLICATION, DISTRIBUTION, MANUFACTURE STATEMENTS
Place of production, publication, distribution, manufacture Oakland, California:
Name of producer, publisher, distributor, manufacturer <a href="Lonely Planet Publications Pty Ltd.;">Lonely Planet Publications Pty Ltd.;</a>
Date of production, publication, distribution, manufacture 2009.
300 ## - PHYSICAL DESCRIPTION
Extent 368p:
Other physical details illustrations;
Dimensions 21cm.
500 ## - GENERAL NOTE
General note includes glossary and index
650 ## - SUBJECT ADDED ENTRY--TOPICAL TERM
Topical term or geographic name as entry element Travel -- Photography
942 ## - ADDED ENTRY ELEMENTS (KOHA)
Source of classification or shelving scheme Library of Congress Classification
Item type Books
Holdings
Withdrawn status Lost status Source of classification or shelving scheme Damaged status Not for loan Home library Current library Shelving location Date acquired Inventory number Total Checkouts Full call number Barcode Date last seen Price effective from Koha item type
    Library of Congress Classification     BSOP Library BSOP Library Fiction 01/30/2026 48809   FIC Ia6 2009 00062073 01/30/2026 01/30/2026 Books
BSOP

Biblical Seminary of the Philippines
  All rights Reserved
  © 2024

CONTACT INFORMATION

Biblical Seminary of the Philippines,
  77-B Karuhatan Road, Valenzuela City,
  PHILIPPINES 1441
  Phone: +632 8292-6795 / 8292-6798
  Fax : +632 8292-6675
  Email: library@bsop.edu.ph